000
00257nam a22001217a 4500
008
181207b xxu||||| |||| 00| 0 eng d
041
_a
eng
080
_a
721
100
_a
42
101
_a
ARK
245
_a
Soviet Architecture
_c
Cooke.C
942
_2
udc
_c
BK
999
_c
53088
_d
53088